Výskum výpočtových metód namáhania námrazou a vetrom a odstraňovanie námraz : Výskumná správa k štátnému plánu R-10-9309-658

Na minha lista:
Detalhes bibliográficos
Main Authors: Fecko, Štefan, 1929- (Author), Žiaran, Ján (Author), Homola, Ján (Author)
Formato: Livro
Publicado em: Bratislava : SVŠT v Bratislave EF, 1979
Tags: Adicionar Tag
Sem tags, seja o primeiro a adicionar uma tag!

MARC

LEADER 00000nam a22000003a 4500
001 stu236788
005 20150617230206.8
008 111019s1979----------------------------d
040 |a STU  |b slo 
041 0
100 1 |a Fecko, Štefan,  |d 1929-  |4 aut  |X 4076  |7 A000004076 
245 1 |a Výskum výpočtových metód namáhania námrazou a vetrom a odstraňovanie námraz :  |b Výskumná správa k štátnému plánu R-10-9309-658 
260 |a Bratislava :  |b SVŠT v Bratislave EF,  |c 1979 
300 |a 103 s 
700 1 |a Žiaran, Ján  |4 aut 
700 1 |a Homola, Ján  |4 aut 
996 |b EVYSK-S-319  |c E*VYSK-S-319  |l E  |s P  |a 0  |w stu236788_0001